01011cam a22002051 450000100100000000500170001000800410002704000250006808200170009324502600011026000440037030000280041450400700044260000590051265000310057170000340060291000370063695201150067399900170078800002015120200929170305.0781019s1941 mx a b 000 0 spa c aDO-SdBNPbspacBNPHU a972.04bM46704aLos mayas antiguos :bmonografías de arqueología, etnografía y lingüistica mayas publicadas con motivo del centenario de la exploración de Yucatán John L. Stephens y Frederick Catherwood en los años 1841-42 /cprefacio César Lizardi Ramos. aMéxico :bColegio de México,c1941. a361 p. :bil. ;c24 cm. aBibliografía de Jhon Lloyd Stephens, por Arthur Gropp: p. 17-3214aSTEPHENS, JOHN LLOYDd1805-1852xBIBLIOGRAFÍA942740 4aMayasxAntiguedades94274112aLizardi Ramos, César942742 aValidado. Control de calidad MFF 001050718MOaGRbGRcHDd2010-07-23iLF1l0o972.04 M467p20151-10r2020-06-25w2020-06-25y1ZNo se presta c19658d19658